000 00988nam a22002897a 4500
001 BR0001121
003 BR-BrBNA
005 20230928100614.0
007 ta
008 230509b bl.||||| |||| 00| 0 por d
040 _aBR-BrBNA
_bpor
_cBiblioteca Nacional de Agricultura
041 _a(Por)
072 _aL50
_b5214
090 _ 5214 BR0001121
100 1 _aPauletti, P.
110 1 _aEscola Superior de Agricultura Luiz de Queiroz, Piracicaba, SP (Brasil)
_0Tese (Mestre em Agronomia)
245 1 _aEfeito de diferentes niveis iniciais de imunoglobulinas adquiridas do colostro sobre a flutuacao de proteinas sericas e desempenho de bezerras da raca Holandesa
260 3 _aPiracicaba, SP (Brasil):
_c1999.
300 _a104 p.
500 _aSummaries (Eng, Por); Bibliography p. 73-85; 7 illus.; 16 tables
650 _aGado Holandes
650 _aImunoglobulina
650 _aImunidade
650 _aColostro
909 _a202309
_bLucia
_c55
_dLucia Elande
942 _cBK
999 _c62010
_d62010